MARC

LEADER 00000nam0a2200000 4500
001 316500
005 20231102002900.0
035 |a (RuTPU)RU\TPU\book\341951 
090 |a 316500 
100 |a 20160323d1953 km y0rusy50 ca 
101 0 |a rus 
102 |a RU 
105 |a a z 000zy 
200 1 |a Гидроаккумулирующие электрические станции  |f Г. М. Гольденберг 
210 |a Москва  |a Ленинград  |c Госэнергоиздат  |d 1953 
215 |a 128 с.  |c ил. 
606 1 |a Гидроэлектрические станции  |2 stltpush  |3 (RuTPU)RU\TPU\subj\7095  |9 34826 
610 1 |a аккумулирование 
610 1 |a энергия 
610 1 |a КПД 
610 1 |a энергосистемы 
610 1 |a расчеты 
610 1 |a сооружения 
610 1 |a схемы 
675 |a 621.311.21  |v 4 
700 1 |a Гольденберг  |b Г. М. 
801 1 |a RU  |b 63413507  |c 20160323 
801 2 |a RU  |b 63413507  |c 20160325  |g RCR 
942 |c BK